| 000 | 00335nam a2200145 4500 | ||
|---|---|---|---|
| 003 | SGT | ||
| 020 | _a8124012606 | ||
| 082 |
_a320.954 _bS07S |
||
| 100 | _aSWAMY, SUBRAMANIAN | ||
| 245 | _aSRILANKA IN CRISIS: INDIA'S OPTIONS | ||
| 260 |
_bHAR-ANAND PUBLICATIONS _c2007 |
||
| 300 | _a180 | ||
| 650 | _aSOCIAL SCIENCE | ||
| 942 |
_2ddc _cBK |
||
| 999 |
_c28049 _d28049 |
||